00283pab a2200121 454500008004000000100002400040245002800064260000900092300001200101362001100113650002400124773001300148180718b2002 xxu||||| |||| 00| 0 eng d aJencks, Christopher aDoes inequality matter? c2002 ap.49-65 aWinter aIncome distribution aDaedalus